[Event "CZE-ch U14 Girls"]
[Site "Kouty nad Desnou"]
[Date "2024.03.09"]
[Round "1"]
[White "Hladka, Leontyna"]
[Black "Peskova, Sara"]
[Result "1-0"]
[WhiteElo "1683"]
[BlackElo "1481"]
[PlyCount "101"]
[EventDate "2024.03.09"]
[EventType "swiss"]
[EventRounds "9"]
[EventCountry "CZE"]
[SourceTitle "CB12_2024"]
[SourceDate "2023.10.01"]
[SourceVersion "1"]
[SourceVersionDate "2023.10.01"]
[SourceQuality "1"]

1. e4 e5 2. Nf3 Nc6 3. Bb5 a6 4. Bxc6 dxc6 5. 0-0 Bd6 6. d4 Bg4 7. dxe5 Bxf3 8. Qxf3 Bxe5 9. Rd1 Qf6 10. Qxf6 Nxf6 11. f4 Ke7 12. fxe5 Nxe4 13. Re1 Rad8 14. Nc3 Nd2 15. Rd1 Nc4 16. Bg5+ f6 17. exf6+ Kf7 18. Rxd8 Rxd8 19. fxg7 Rd7 20. Re1 Kxg7 21. Re7+ Rxe7 22. Bxe7 Nxb2 23. Ne4 Nc4 24. Kf2 Kf7 25. Bd8 Nd6 26. Ng5+ Kg6 27. Bxc7 Nb5 28. Bf4 a5 29. Nf3 c5 30. Ne5+ Kf5 31. Ke3 Nc3 32. g4+ Ke6 33. a3 Nb1 34. Nc4 a4 35. Nb6 Nxa3 36. Nxa4 Kd5 37. Kd3 b5 38. Nc3+ Kc6 39. Bc1 Nc4 40. h4 Ne5+ 41. Ke4 Nxg4 42. Kf4 Nf6 43. Kg5 Ng8 44. Ne4 Kd5 45. Nf6+ Nxf6 46. Kxf6 Kd6 47. h5 c4 48. Ba3+ Kd7 49. Kg7 h6 50. Kxh6 Ke8 51. Kg7 1-0

[Event "Klatovy op-B 29th"]
[Site "Klatovy"]
[Date "2023.07.09"]
[Round "9"]
[White "Krivka, Lukas"]
[Black "Hladka, Leontyna"]
[Result "0-1"]
[WhiteElo "1369"]
[BlackElo "1393"]
[PlyCount "130"]
[EventDate "2023.07.01"]
[EventType "swiss"]
[EventRounds "9"]
[EventCountry "CZE"]
[SourceTitle "CBM 215 Extra"]
[Source "ChessBase"]
[SourceDate "2023.09.30"]
[SourceVersion "1"]
[SourceVersionDate "2023.09.30"]
[SourceQuality "1"]

1. d4 Nf6 2. Nc3 e6 3. e4 Bb4 4. Bg5 h6 5. Bxf6 Qxf6 6. e5 Bxc3+ 7. bxc3 Qe7 8. Ne2 d6 9. exd6 cxd6 10. g3 b6 11. Bg2 Bb7 12. 0-0 Bxg2 13. Kxg2 0-0 14. Qd3 Nd7 15. Rfe1 Nf6 16. Nf4 Rac8 17. h3 Qc7 18. Re3 Qc6+ 19. Kg1 Rc7 20. Rb1 Qa4 21. Ra1 Rfc8 22. Qd2 Qa5 23. Ne2 Nd5 24. Rd3 Nxc3 25. Nxc3 Rxc3 26. Rxc3 Qxc3 27. Qxc3 Rxc3 28. Rc1 Ra3 29. Ra1 Ra4 30. Kf1 Rxd4 31. Ke2 Kf8 32. Rd1 Rxd1 33. Kxd1 Ke7 34. Kd2 d5 35. Kd3 b5 36. Kc3 a5 37. Kd4 Kd6 38. f4 f6 39. a3 e5+ 40. Kd3 e4+ 41. Kd4 b4 42. a4 g5 43. fxg5 fxg5 44. g4 Ke6 45. Kc5 e3 46. Kb5 e2 47. Kxa5 e1Q 48. Kb5 Qe2+ 49. Kxb4 Qc4+ 50. Ka3 Qc3+ 51. Ka2 Kd6 52. a5 Qxc2+ 53. Ka3 Qc3+ 54. Ka2 Qxa5+ 55. Kb2 Qc5 56. h4 gxh4 57. g5 hxg5 58. Ka2 Qb4 59. Ka1 d4 60. Ka2 d3 61. Ka1 d2 62. Ka2 Kd5 63. Ka1 d1R+ 64. Ka2 Rd2+ 65. Ka1 Qb2# 0-1

[Event "CZE-ch U14 Girls"]
[Site "Teplice"]
[Date "2023.03.17"]
[Round "8"]
[White "Hladka, Leontyna"]
[Black "Dorazilova, Kristyna"]
[Result "0-1"]
[WhiteElo "1307"]
[BlackElo "1483"]
[PlyCount "88"]
[EventDate "2023.03.11"]
[EventType "swiss"]
[EventRounds "9"]
[EventCountry "CZE"]
[SourceTitle "CBM 213 Extra"]
[Source "ChessBase"]
[SourceDate "2023.05.31"]
[SourceVersion "1"]
[SourceVersionDate "2023.05.31"]
[SourceQuality "1"]

1. e4 e5 2. Nf3 Nf6 3. Nxe5 d6 4. Nf3 Nxe4 5. Nc3 Nxc3 6. dxc3 Be7 7. Be3 0-0 8. Qd2 Nc6 9. 0-0-0 Be6 10. Kb1 a5 11. Be2 Qd7 12. h4 Rfb8 13. Rhg1 b5 14. Ng5 b4 15. c4 Ne5 16. b3 a4 17. Nxe6 Qxe6 18. Bd3 Nxd3 19. Qxd3 Bf6 20. Bd4 axb3 21. cxb3 Bxd4 22. Qxd4 Rd8 23. Rge1 Qf5+ 24. Rd3 Re8 25. Rxe8+ Rxe8 26. Kb2 Re2+ 27. Rd2 Qe5 28. Qxe5 Rxd2+ 29. Kc1 dxe5 30. Kxd2 c5 31. Ke3 f5 32. g4 g6 33. f3 Kf7 34. g5 f4+ 35. Kd3 Ke7 36. Ke2 Ke6 37. Kd2 Kf5 38. Kd3 e4+ 39. fxe4+ Ke5 40. Ke2 Kxe4 41. Kf2 f3 42. Kf1 Ke3 43. Ke1 f2+ 44. Kf1 Kf3 0-1

[Event "CZE-ch U14 Girls"]
[Site "Teplice"]
[Date "2023.03.15"]
[Round "6"]
[White "Hladka, Leontyna"]
[Black "Martinkovicova, Nela"]
[Result "1-0"]
[WhiteElo "1307"]
[BlackElo "1207"]
[PlyCount "73"]
[EventDate "2023.03.11"]
[EventType "swiss"]
[EventRounds "9"]
[EventCountry "CZE"]
[SourceTitle "CBM 213 Extra"]
[Source "ChessBase"]
[SourceDate "2023.05.31"]
[SourceVersion "1"]
[SourceVersionDate "2023.05.31"]
[SourceQuality "1"]

1. e4 e5 2. Nf3 Nf6 3. Nxe5 Nc6 4. Nxc6 dxc6 5. d3 h6 6. Be2 Bc5 7. Nd2 h5 8. Nc4 Ng4 9. Be3 Bxe3 10. Nxe3 Nxe3 11. fxe3 Qg5 12. Bf3 Qxe3+ 13. Qe2 Qxe2+ 14. Kxe2 Bg4 15. Rhf1 f6 16. h3 Be6 17. Kd2 0-0-0 18. Rae1 a6 19. a3 Rd4 20. Rf2 Kd8 21. Kc3 c5 22. e5 Rf4 23. exf6 Rxf6 24. Rfe2 Bc8 25. Re5 Rf5 26. Rxf5 Bxf5 27. Bxb7 a5 28. Re5 g6 29. Rxc5 a4 30. Bc6 Rf8 31. Bxa4 Rf7 32. Re5 Bd7 33. Rd5 c6 34. Bxc6 Kc7 35. Rxd7+ Rxd7 36. Bxd7 Kxd7 37. Kc4 1-0

[Event "CZE-ch U14 Girls"]
[Site "Teplice"]
[Date "2023.03.14"]
[Round "5"]
[White "Zezulova, Sara"]
[Black "Hladka, Leontyna"]
[Result "1/2-1/2"]
[WhiteElo "1000"]
[BlackElo "1307"]
[PlyCount "61"]
[EventDate "2023.03.11"]
[EventType "swiss"]
[EventRounds "9"]
[EventCountry "CZE"]
[SourceTitle "CBM 213 Extra"]
[Source "ChessBase"]
[SourceDate "2023.05.31"]
[SourceVersion "1"]
[SourceVersionDate "2023.05.31"]
[SourceQuality "1"]

1. e4 e5 2. Nf3 Nf6 3. Nxe5 d6 4. Nf3 Nxe4 5. Nc3 Nxc3 6. dxc3 Be7 7. Be3 Nc6 8. Qd2 0-0 9. 0-0-0 Ne5 10. Be2 c6 11. Kb1 Qa5 12. Nd4 c5 13. Nb5 Be6 14. Na3 Rab8 15. c4 Qxd2 16. Rxd2 a6 17. h4 Ng4 18. Bxg4 Bxg4 19. f3 Be6 20. b3 b5 21. cxb5 axb5 22. c3 d5 23. Nc2 h6 24. g4 Rfd8 25. g5 h5 26. f4 Bf5 27. Rhd1 Be4 28. Kb2 g6 29. a3 Ra8 30. Ra1 Kf8 31. Ne1 1/2-1/2

[Event "CZE-ch U10 Girls"]
[Site "Kouty nad Desnou"]
[Date "2017.03.15"]
[Round "6"]
[White "Hladka, Leontyna"]
[Black "Buchtova, Viktorie"]
[Result "1-0"]
[WhiteElo "1000"]
[BlackElo "1000"]
[PlyCount "119"]
[EventDate "2017.03.11"]
[EventType "swiss"]
[EventRounds "9"]
[EventCountry "CZE"]
[SourceTitle "CBM 177 Extra"]
[Source "ChessBase"]
[SourceDate "2017.04.27"]
[SourceVersion "1"]
[SourceVersionDate "2017.04.27"]
[SourceQuality "1"]

1. e4 e5 2. Nf3 Nc6 3. Bc4 Nf6 4. d4 exd4 5. 0-0 Be7 6. Nxd4 0-0 7. Nxc6 dxc6 8. Bf4 Qxd1 9. Rxd1 Bg4 10. Re1 Bb4 11. c3 Bd6 12. Bxd6 cxd6 13. Nd2 Rfe8 14. h3 Bh5 15. Bb3 Bg6 16. Bc2 d5 17. e5 Ne4 18. Bxe4 dxe4 19. Nxe4 Rxe5 20. f3 Rae8 21. Rad1 h6 22. Re2 Bxe4 23. fxe4 Rxe4 24. Rxe4 Rxe4 25. Rd8+ Kh7 26. Rd7 b5 27. Rxa7 f5 28. b3 f4 29. Kf2 Kg6 30. g3 Kf6 31. a4 b4 32. cxb4 Rxb4 33. gxf4 Rxb3 34. a5 c5 35. a6 c4 36. Ke2 c3 37. Kd1 Rb4 38. Rb7 Ra4 39. a7 Ke6 40. Kc2 Kd6 41. Kxc3 Kc6 42. Kb3 Kxb7 43. Kxa4 Kc6 44. a8Q+ Kd6 45. Qa5 Ke6 46. Kb4 Kf6 47. Kc4 Kg6 48. Qd5 Kh7 49. Qe6 Kh8 50. Kd5 Kh7 51. f5 Kh8 52. f6 Kh7 53. fxg7 Kxg7 54. Qb6 Kh7 55. Ke5 Kg7 56. Qf6+ Kh7 57. Kf5 h5 58. Kg5 Kg8 59. Kg6 h4 60. Qg7# 1-0